Exploring the effects of familiarity and advisory services on innovation outcomes in outsourcing settings / (Record no. 361455)
[ view plain ]
| 000 -LEADER | |
|---|---|
| fixed length control field | 00617nam a2200181Ia 4500 |
| 008 - FIXED-LENGTH DATA ELEMENTS--GENERAL INFORMATION | |
| fixed length control field | 190422s9999 xx 000 0 und d |
| 100 ## - MAIN ENTRY--PERSONAL NAME | |
| Personal name | Oshri, Ilan |
| 245 ## - TITLE STATEMENT | |
| Title | Exploring the effects of familiarity and advisory services on innovation outcomes in outsourcing settings / |
| 245 ## - TITLE STATEMENT | |
| Statement of responsibility, etc | Ilan Oshri, Daria Arkhipova and Giovanni Vaia.-- |
| 260 ## - PUBLICATION, DISTRIBUTION, ETC. (IMPRINT) | |
| Name of publisher, distributor, etc | Association for Information Technology Trust |
| 260 ## - PUBLICATION, DISTRIBUTION, ETC. (IMPRINT) | |
| Date of publication, distribution, etc | 2018 |
| 300 ## - PHYSICAL DESCRIPTION | |
| Extent | pages 203-215, September 2018 |
| 440 ## - SERIES STATEMENT/ADDED ENTRY--TITLE | |
| Title | Journal of Information Technology |
| Volume number/sequential designation | 33(3) |
| 650 ## - SUBJECT ADDED ENTRY--TOPICAL TERM | |
| Topical term or geographic name as entry element | Advisory |
| 650 ## - SUBJECT ADDED ENTRY--TOPICAL TERM | |
| Topical term or geographic name as entry element | Familiarity |
| 650 ## - SUBJECT ADDED ENTRY--TOPICAL TERM | |
| Topical term or geographic name as entry element | Innovation |
| 650 ## - SUBJECT ADDED ENTRY--TOPICAL TERM | |
| Topical term or geographic name as entry element | Services |
No items available.